00426nam a2200157Ia 4500008004100000020001500041041001200056082001600068100001500084245009600099250000800195260002500203300000800228650001500236700001700251221030s9999 xx 000 0 und d a0070589453 aEnglish a105.23bShi aJ. K. Shim 0aSchaum`s Outlines of Theory & Problems of Financial Accountingcby J. K. Shim, G. J. Siegel a2nd bTMHaNew Delhic2004 a337 aManagement aG. J. Siegel